000 004410000a22001810004500
003 LK-CoMWRAF
008 230817t ||||| |||| 00| 0 eng d
040 _aLK-CoMWRAF
_dLK-CoMWRAF
_eLK-CoMWRAF
041 _aeng
082 _a800
_bMAH
100 _aMahroof, S.L.M
245 _aPothu Arivuchudar
_b
250 _a5th.ed
260 _aKandy
_bKalaivaani puthaka nilaiyam
_c1996
300 _ap.184
650 _aLITERATURE
942 _cBK
999 _c2661
_d2661